Words that start with "Tow" - Statistics

General Stats
  • This quiz has been taken 20 times
  • The average score is 5 of 10
Answer Stats
Definition Answer % Correct
a piece of thick absorbent cloth or paper used for drying towel
100%
in the direction of toward
85%
an urban area that has a name, defined boundaries and local govt town
80%
a tall narrow building either freestanding or forming part of a building tower
65%
a division of a county with some corporate powers township
50%
a powerful boat with a broad bow towboat
35%
a rope or cable used in towing towline
15%
a North American songbird of the bunting family towhee
10%
a multistory house in modern housing development attached to one or more similar houses by shared walls townhome
10%
visual appearance of an urban area townscape
5%
No matching quizzes found
Score Distribution
Percent of People with Each Score
Percentile by Number Answered
Your Score History
You have not taken this quiz